|
|
|
|
| LEADER |
01607nam a2200421 a 4500 |
| 001 |
EBC1433697 |
| 003 |
MiAaPQ |
| 005 |
20200520144314.0 |
| 006 |
m o d | |
| 007 |
cr cn||||||||| |
| 008 |
130430r20031938enk sb 001 0 eng d |
| 010 |
|
|
|z 38014797
|
| 020 |
|
|
|z 9780415313902
|
| 020 |
|
|
|z 9780415608008
|
| 020 |
|
|
|a 9780203708637 (electronic bk.)
|
| 035 |
|
|
|a (MiAaPQ)EBC1433697
|
| 035 |
|
|
|a (Au-PeEL)EBL1433697
|
| 035 |
|
|
|a (CaPaEBR)ebr10690206
|
| 035 |
|
|
|a (CaONFJC)MIL478954
|
| 035 |
|
|
|a (OCoLC)862046998
|
| 040 |
|
|
|a MiAaPQ
|c MiAaPQ
|d MiAaPQ
|
| 050 |
|
4 |
|a HB171
|b .W66 2003
|
| 100 |
1 |
|
|a Wootton, Barbara,
|d 1897-1988.
|
| 245 |
1 |
0 |
|a Lament for economics
|h [electronic resource] /
|c Barbara Wootton.
|
| 260 |
|
|
|a London :
|b New York :
|b Routledge,
|c 2003
|g (2010 printing)
|
| 300 |
|
|
|a 322 p.
|
| 490 |
1 |
|
|a Routledge library editions. Economics
|
| 490 |
1 |
|
|a Methodology & philosophy of economics ;
|v v. 5
|
| 500 |
|
|
|a Reprint. Originally published: New York : Farrar & Rinehart, 1938.
|
| 504 |
|
|
|a Includes bibliographical references and index.
|
| 533 |
|
|
|a Electronic reproduction. Ann Arbor, MI : ProQuest, 2015. Available via World Wide Web. Access may be limited to ProQuest affiliated libraries.
|
| 650 |
|
0 |
|a Economics.
|
| 650 |
|
0 |
|a Economics
|x Moral and ethical aspects.
|
| 655 |
|
4 |
|a Electronic books.
|
| 710 |
2 |
|
|a ProQuest (Firm)
|
| 830 |
|
0 |
|a Routledge library editions.
|p Economics.
|
| 830 |
|
0 |
|a Methodology & philosophy of economics ;
|v v. 5.
|
| 856 |
4 |
0 |
|u https://ebookcentral.proquest.com/lib/matrademy/detail.action?docID=1433697
|z Click to View
|